Kreslení a konstrukce střihů

Bibliographic Details
Format: Book
Language:Undetermined
PhysicalDescription:91 s.
Published: v Praze Státní pedagogické nakladatelství, n. p., Praha 1986

MARC

LEADER 00000nam a2200000 a 4500
001 vtls001369620
003 SK-MaSNL
005 20260223130618.0
008 160830s1986 xx 0 und
035 |a SNK000323360 
040 |a SNK  |b slo  |c SNK  |e AACR2 
245 1 |a Kreslení a konstrukce střihů 
260 |a v Praze  |b Státní pedagogické nakladatelství, n. p., Praha  |c 1986 
300 |a 91 s. 
958 |a OND 
999 |c 549643  |d 551573 
952 |a SNK  |b SNK  |y PREZ  |7 0  |p 17A0836529  |o snkSB 40535   |0 0  |1 0  |4 0  |d 2012-05-07  |l 0  |r 2025-04-25 00:00:00  |w 2026-02-23 
952 |t P60, <04>, [BOOK], {604}  |a SNK  |b SNK  |y VYP  |7 0  |p 17A0205079  |o snkSB 40535 D1  |0 0  |1 0  |4 0  |d 1999-08-04  |l 0  |r 2005-01-02 00:00:00  |w 2026-02-23